| 000 | 00887nam a2200253 i 4500 | ||
|---|---|---|---|
| 001 | bgj | ||
| 100 | 1 |
_aMILTON, James _d(1955- ) |
|
| 245 | 1 | 0 |
_aA good turn of phrase : _badvanced idiom practice / _cJames Milton ; Virginia Evans. |
| 260 |
_aNewbury : _c2000. _bExpress Publishing ; |
||
| 300 |
_a55 pp : _bill., photos ; _c28 cm. |
||
| 650 | 9 |
_aEnglish language _xVerb phrase _xStudy and teaching |
|
| 650 | 9 |
_aEnglish language _xPrepositional phrases _xStudy and teaching |
|
| 650 | 9 |
_aEnglish language _xPrepositional phrases _xProblems, excersises |
|
| 650 | 9 |
_aEnglish language _xIdioms _xStudy and teaching |
|
| 650 | 9 | _aEnglish language | |
| 655 | _aTextbooks for foreign speakers | ||
| 700 | 1 |
_aEVANS, Virginia. _eco-author |
|
| 020 | _a1842168460 | ||
| 040 | _cBPK | ||
| 041 | 0 | _aeng | |
| 920 | _a1-84216-846-0 | ||
| 942 | _cKS | ||
| 008 | s uk f |000 0 eng | ||
| 999 |
_c48476 _d48476 |
||
| 856 |
_uhttp://koha.tu.koszalin.pl/cgi-bin/koha/opac-detail.pl?biblionumber=48476 _yKatalog online BPK |
||